[Event "Unterfranken-ch HA 60th"]
[Site "Obernau"]
[Date "2009.04.17"]
[Round "7"]
[White "Kraus, Arnold"]
[Black "Schnetter, Thomas"]
[Result "1-0"]
[WhiteElo "1775"]
[BlackElo "1667"]
[PlyCount "53"]
[EventDate "2009.04.13"]
[EventType "swiss"]
[EventRounds "9"]
[EventCountry "GER"]
[SourceTitle "EXT 2015"]
[Source "ChessBase"]
[SourceDate "2014.11.20"]
[SourceVersion "1"]
[SourceVersionDate "2014.11.20"]
[SourceQuality "1"]

1. d4 Nf6 2. c4 c5 3. Nf3 e6 4. Nc3 cxd4 5. Nxd4 Nc6 6. Ndb5 a6 7. Nd6+ Bxd6 8. Qxd6 Qe7 9. Bf4 h6 10. h3 e5 11. Qxe7+ Kxe7 12. Bh2 d6 13. e3 Be6 14. Be2 d5 15. cxd5 Nxd5 16. Ne4 Rad8 17. 0-0 f6 18. Rfd1 Nb6 19. f4 Rxd1+ 20. Rxd1 Bxa2 21. Nd6 Rd8 22. Nf5+ Kf8 23. Rxd8+ Nxd8 24. fxe5 fxe5 25. Bxe5 Nf7 26. Bxg7+ Ke8 27. Nxh6 1-0

[Event "Unterfranken-ch HA 60th"]
[Site "Obernau"]
[Date "2009.04.14"]
[Round "3"]
[White "Kraus, Arnold"]
[Black "Meyer, Marco"]
[Result "0-1"]
[WhiteElo "1775"]
[BlackElo "1743"]
[PlyCount "66"]
[EventDate "2009.04.13"]
[EventType "swiss"]
[EventRounds "9"]
[EventCountry "GER"]
[SourceTitle "EXT 2015"]
[Source "ChessBase"]
[SourceDate "2014.11.20"]
[SourceVersion "1"]
[SourceVersionDate "2014.11.20"]
[SourceQuality "1"]

1. d4 f5 2. c4 Nf6 3. Nc3 g6 4. Nf3 Bg7 5. g3 0-0 6. Bg2 d6 7. Qb3 Nc6 8. a4 e5 9. c5+ Kh8 10. dxe5 dxe5 11. 0-0 e4 12. Ng5 Qe7 13. Rd1 h6 14. Nh3 Qxc5 15. Nf4 Kh7 16. Be3 Qe7 17. Rac1 Ng4 18. Ncd5 Qf7 19. Bc5 Rd8 20. f3 exf3 21. exf3 Nge5 22. Ne2 Na5 23. Qa2 c6 24. Ndc3 Qxa2 25. Nxa2 Be6 26. Nb4 Nb3 27. Rxd8 Rxd8 28. Rc2 Rd1+ 29. Kf2 a5 30. Nc3 Rd7 31. Ne2 Nxc5 32. Rxc5 axb4 33. Nf4 Nd3+ 0-1

[Event "Unterfranken-ch HA 51th"]
[Site "Sailauf"]
[Date "2000.04.29"]
[Round "9"]
[White "Kraus, Arnold"]
[Black "Beck, Oliver1111"]
[Result "1-0"]
[WhiteElo "1766"]
[BlackElo "1621"]
[PlyCount "41"]
[EventDate "2000.04.24"]
[EventType "swiss"]
[EventRounds "9"]
[EventCountry "GER"]
[SourceTitle "EXT 2015"]
[Source "ChessBase"]
[SourceDate "2014.11.20"]
[SourceVersion "1"]
[SourceVersionDate "2014.11.20"]
[SourceQuality "1"]

1. f4 c5 2. b3 d6 3. Bb2 Nc6 4. Nf3 Nf6 5. e3 g6 6. Bb5 Bg7 7. 0-0 0-0 8. d3 Qb6 9. Bxc6 Qxc6 10. Nbd2 Ng4 11. Bxg7 Kxg7 12. Qe1 Bd7 13. h3 Nf6 14. c4 Qc8 15. Kh2 b5 16. Qh4 bxc4 17. dxc4 a5 18. e4 Qc6 19. e5 Ne4 20. Nxe4 Qxe4 21. Ng5 1-0

[Event "Unterfranken-ch HA 51th"]
[Site "Sailauf"]
[Date "2000.04.27"]
[Round "5"]
[White "Simon, Gerold"]
[Black "Kraus, Arnold"]
[Result "1/2-1/2"]
[WhiteElo "1763"]
[BlackElo "1766"]
[PlyCount "37"]
[EventDate "2000.04.24"]
[EventType "swiss"]
[EventRounds "9"]
[EventCountry "GER"]
[SourceTitle "EXT 2015"]
[Source "ChessBase"]
[SourceDate "2014.11.20"]
[SourceVersion "1"]
[SourceVersionDate "2014.11.20"]
[SourceQuality "1"]

1. Nf3 d6 2. g3 g6 3. Bg2 Bg7 4. c4 Nf6 5. d4 0-0 6. Nc3 Nbd7 7. 0-0 c5 8. d5 a6 9. Bg5 Rb8 10. Rb1 Ng4 11. a4 Nge5 12. Nxe5 Nxe5 13. b3 Nf3+ 14. Bxf3 Bxc3 15. Bh6 Bg7 16. Bxg7 Kxg7 17. e4 Bh3 18. Bg2 Bxg2 19. Kxg2 1/2-1/2